| 000 | 00948nam a2200217 a 4500 | ||
|---|---|---|---|
| 001 | 000032463 | ||
| 005 | 20200930065644.0 | ||
| 008 | 110718s2000 dr ad 001 0 spa d | ||
| 040 |
_aDO-SdBNP _bspa _cBNPHU |
||
| 082 |
_a627.52 _bS471m |
||
| 110 | 2 |
_aSeminario-Taller evaluativo de los Servicios de Asistencia Técnica y Transferencia Tecnológica del PRODAS _d(2000 abril 27-28 : _cSan Juan de la Maguana, República Dominicana) _958417 |
|
| 245 | 1 | 0 | _aMemoria. |
| 260 |
_aSan Juan de la Maguana, República Dominicana : _bConsorcio EYCA/AE/INITEC, _c2000. |
||
| 300 |
_a200 p. : _bil., tablas ; _c22 cm. |
||
| 590 | _aInventariado,2018/DG | ||
| 650 | 4 |
_aRiego _xTransferencia de tecnología _xCongresos, conferencias, etc. _958418 |
|
| 650 | 4 |
_aCultivos de regadío _915347 |
|
| 650 | 4 |
_aCultivos y agua _915348 |
|
| 710 | 2 |
_aPrograma de Desarrollo Agrícola de San Juan (República Dominicana) _958419 |
|
| 910 | _aValidado. Control de calidad EMS | ||
| 999 |
_c31954 _d31954 |
||